| 000 | 00779cam a22002655a 4500 | ||
|---|---|---|---|
| 001 | 17453015 | ||
| 003 | OSt | ||
| 005 | 20150408114200.0 | ||
| 008 | 120905s2012 inu 000 0 eng | ||
| 010 | _a 2012948642 | ||
| 020 | _a9781118420638 (pbk. : alk. paper) | ||
| 020 | _a1118420632 (pbk. : alk. paper) | ||
| 040 |
_aDLC _cDLC |
||
| 042 | _apcc | ||
| 082 |
_222 _a004.16 _bHGI |
||
| 100 | 1 | _aHart-Davis, Guy. | |
| 245 | 1 | 0 |
_aImac portable genius, fourth edition / _cGuy Hart-Davis. |
| 250 | _a1st ed. | ||
| 260 |
_aIndianapolis, IN : _bWiley Pub. Inc., _c2012. |
||
| 263 | _a1209 | ||
| 300 | _ap. cm. | ||
| 906 |
_a0 _bibc _corignew _d2 _eepcn _f20 _gy-gencatlg |
||
| 942 |
_2ddc _cBOOK |
||
| 999 |
_c32844 _d267344 |
||